000 00359nam a2200157Ia 4500
003 Ost
005 20260225132550.0
008 260225s9999||||xx |||||||||||||| ||und||
040 _cfsic
041 _afre
082 _a440
100 _aJean Pierre
_eAuteur
245 0 _aGuide pratique d'analyse des données /
245 0 _cJean Pierre
942 _cكتاب
999 _c34067
_d34067